00617nam a22001577a 450000500170000000800410001702000150005805000240007310000220009724501130011925000220023226000740025430000210032865000320034965100780038120211111144125.0031021s1998 ck 000 0 spa u a958962015904aF2291.C3 bM86 19981 aMúnera, Alfonso13aEl Fracaso de la nación :bregión, clase y raza en el Caribe colombiano (1717-1821) / cAlfonso Múnera aPrimera edición aBogotá, Colombia :bBanco de la República :bEl Áncora, c1998. a253 p. ;c23 cm. 72lembaEsclavitud zColombia 72lembaCartagena, zColombia xHistoria xCondiciones socialesyhasta 1810